| 000 | 003380000a22001450004500 | ||
|---|---|---|---|
| 003 | MACL | ||
| 040 | _aMACL | ||
| 090 |
_c32490 _d32488 |
||
| 100 | _aSabburaju, V.K. | ||
| 245 |
_aMega Objective General Knowledge _bVol 2 |
||
| 260 |
_bSura College Of Competition _c2002 |
||
| 350 | _a50 | ||
| 650 | _aGeneralities | ||
| 942 |
_cBOOK _k001/Sub |
||
| 999 |
_c32160 _d32160 |
||